000 00331nam a2200157Ia 4500
003 OSt
005 20231205070036.0
008 170524s9999 xx 000 0 und d
020 _a9788120345058
040 _cIIMT UNIVERSITY
100 _aJOSEPH PT
100 _c2012
245 0 _aE-COMMERCE
260 _aPHI
942 _2ddc
_c02
999 _c2825
_d2825